| 000 -LEADER |
| fixed length control field |
00751cam a22002175i 4500 |
| 001 - CONTROL NUMBER |
| control field |
18814631 |
| 005 - DATE AND TIME OF LATEST TRANSACTION |
| control field |
20221110125431.0 |
| 008 - FIXED-LENGTH DATA ELEMENTS--GENERAL INFORMATION |
| fixed length control field |
151013s2016 maua 001 0 eng c |
| 020 ## - INTERNATIONAL STANDARD BOOK NUMBER |
| International Standard Book Number |
9780134177304x |
| 041 ## - LANGUAGE CODE |
| Language code of text/sound track or separate title |
eng |
| 080 ## - UNIVERSAL DECIMAL CLASSIFICATION NUMBER |
| Universal Decimal Classification number |
004.7 H-80 |
| 100 1# - MAIN ENTRY--PERSONAL NAME |
| Personal name |
Horstmann, Cay S., |
| Dates associated with a name |
|
| 9 (RLIN) |
12397 |
| 245 10 - TITLE STATEMENT |
| Title |
Core Java / |
| Statement of responsibility, etc. |
Cay S. Horstmann. |
| 264 #1 - PRODUCTION, PUBLICATION, DISTRIBUTION, MANUFACTURE, AND COPYRIGHT NOTICE |
| Place of production, publication, distribution, manufacture |
Boston : |
| Name of producer, publisher, distributor, manufacturer |
Prentice Hall, |
| Date of production, publication, distribution, manufacture, or copyright notice |
[2016]. |
| 300 ## - PHYSICAL DESCRIPTION |
| Extent |
2 volumes : |
| Other physical details |
illustrations ; |
| Dimensions |
23 cm. |
| 653 ## - INDEX TERM--UNCONTROLLED |
| keyword |
საინფორმაციო ტექნოლოგიები |
| 653 ## - INDEX TERM--UNCONTROLLED |
| keyword |
კომპიუტერული კომუნიკაცია |
| 653 ## - INDEX TERM--UNCONTROLLED |
| keyword |
კომპიუტერული ქსელები |
| 653 ## - INDEX TERM--UNCONTROLLED |
| keyword |
ინტერნეტი |
| 942 ## - ADDED ENTRY ELEMENTS (KOHA) |
| Source of classification or shelving scheme |
|
| Koha item type |
წიგნი |